Score 0/50 Timer 07:00
0 Plays Today
Clue Word % Correct
Unable to seeBLIND
91%
Piece of furniture for sittingCHAIR
90%
Flashy jewelry and ornamentation on a rapperBLING
89%
'Unforgiven' actor-director EastwoodCLINT
88.7%
Drab, boring or tastelessBLAND
88.3%
To throw; a brief love affairFLING
87.8%
A material for making sparksFLINT
87.5%
To fire-label cattle; product maker's nameBRAND
87.5%
Alexander Graham Bell invented thisPHONE
87.4%
Actor Hugh of 'Notting Hill'GRANT
87.1%
It can describe a Canyon, Ol' Opry, or pianoGRAND
87.1%
This can be placed on a queen or a toothCROWN
87%
Computer command to make a paper documentPRINT
86.7%
Smell very bad; reekSTINK
86.7%
'Goosebumps' author R.L.STINE
83.8%
Ron Weasley portrayer RupertGRINT
83.2%
A drab color; Prime minister GordonBROWN
82.6%
The giant safe where a bank keeps the moneyVAULT
81.4%
Slang for prison; a sharp metallic soundCLINK
81.4%
A rock or 14 poundsSTONE
81.1%
'San Andreas ___': source of many earthquakesFAULT
80.7%
Move stealthily or in a provocative mannerSLINK
80.5%
A path marked and maintained in the woodsTRAIL
78.8%
Physically weak or easily brokenFRAIL
76.9%
Muscular strengthBRAWN
76%
Clue Word % Correct
Emitted rays of lightSHONE
75.9%
An oil or latex alternative to wallpaperPAINT
75%
Sketched; picked, as a card; poured, like a beerDRAWN
74.8%
Southerners in the US speak with one of theseDRAWL
74.6%
To swing or move ones arms in a crazed fashionFLAIL
73.3%
'___ de lune': Debussy classical piano pieceCLAIR
73%
A map, graph or diagramCHART
71.5%
Lying flat on a surface, face downPRONE
71.3%
'Nuthin' but a 'G' ___': Dr. DreTHANG
70.8%
'Jerry Maguire' director CameronCROWE
69.8%
To fish by dragging a net behind a boatTRAWL
69.1%
A skill, talent or unique qualityFLAIR
67.6%
The sound of a plucked string; nasal speechTWANG
66.4%
A withered old womanCRONE
66.3%
'Gregorian ___': a form of church musicCHANT
65.7%
A quark, amulet or alluring traitCHARM
61.3%
Corrupt, spoil or expose to something badTAINT
60.2%
'The Chosen' author PotokCHAIM
57.6%
Patriots RB Kevin or former Rams RB MarshallFAULK
57.1%
Ridicule or mock in an insulting mannerTAUNT
56.8%
Stop up leaks in the seams of a boat, window or tubCAULK
54.2%
To brag or boastVAUNT
53.4%
Burmese UN Secretary General UTHANT
50.2%
Asian-American playwright David Henry of 'M. Butterfly'HWANG
23.8%
Thin membranes that can cover a newborn's faceCAULS
16.5%
Remove Ads.
Support Sporcle.
Get the best of Sporcle when you Go Orange. This ad-free experience offers more features, more stats, and more fun while also helping to support Sporcle. Thank you for becoming a member.

You're not logged in!

Compare scores with friends on all Sporcle quizzes.
OR
Log In

Sporcle TV

Today on Sporcle TV


Watch our educational content, quiz creation guides, and fun videos on Sporcle TV.

Show Comments

Extras

Top Quizzes Today


Score Distribution

Paid Content

Your Account Isn't Verified!

In order to create a playlist on Sporcle, you need to verify the email address you used during registration. Go to your Sporcle Settings to finish the process.

Report this User

Report this user for behavior that violates our Community Guidelines.

Details: